000
00204nam a2200097Ia 4500
008
240331s9999 xx 000 0 und d
082
_b
AGI
100
_a
Agilan.T
245
0
_a
Maranathin vaasani
942
_c
L
999
_c
5658
_d
5658